00586nam a2200169 i 450000100060000000300090000600500170001500700030003200800410003510000370007624501110011325000120022426000680023630000220030465100680032685200220039440422ES-MaACL20251207063031.0t|030306s1913 mx ||||1| spa d1 aCárdenas, Juan de, d1563-160910aPrimera parte de los problemas y secretos maravillosos de las indias / ccompuesta por Juan de Cárdenas. a2ª ed. aMéxico : b[s.n., c1913] (fImp. del Museo de Arqueología) a222 p. ; c24 cm. aAmérica española-xDescripción-vObras anteriores a 1800. aES-MaACLjF-15219